Royal Dutch/Shell

Metóda plánovania pomocou scenárov ako manažérsky nástroj, ktorý bol po prvý krát použitý v spoločnosti Royal Dutch/Shell v prvej polovici 70. rokov. Pohľad do histórie spoločnosti. Plánovanie pomocou metódy scenárov. Osobnosti plánovania metódou scenárov v spoločnosti Shell. Vývoj metodiky tvorby s...

Descrizione completa

Salvato in:
Dettagli Bibliografici
Autore principale: Kapoun, Jan
Natura: Capitolo di libro
Lingua:ceco
Soggetti:
Tags: Aggiungi Tag
Nessun Tag, puoi essere il primo ad aggiungerne!!

MARC

LEADER 00000naa a2200000 4500
001 0143765
005 20240315070632.2
041 0 |a cze 
044 |a CZ 
245 1 0 |a Royal Dutch/Shell  |c Jan Kapoun 
520 |a Metóda plánovania pomocou scenárov ako manažérsky nástroj, ktorý bol po prvý krát použitý v spoločnosti Royal Dutch/Shell v prvej polovici 70. rokov. Pohľad do histórie spoločnosti. Plánovanie pomocou metódy scenárov. Osobnosti plánovania metódou scenárov v spoločnosti Shell. Vývoj metodiky tvorby scenárov. Dobrá metóda pre zlé časy. Využívanie metódy plánovania pomocou scenárov v iných spoločnostiach. 
610 2 0 |a plánovanie 
610 2 0 |a riadenie strategické 
610 2 0 |a riadenie podnikové 
610 2 0 |a scenáre 
610 2 0 |a spoločnosti 
610 2 0 |a firmy 
610 2 0 |a benzín 
610 2 0 |a ropa 
100 1 |a Kapoun, Jan